Normal view
MARC view
Entry Personal Name
001 - CONTROL NUMBER
- control field: 83504
003 - CONTROL NUMBER IDENTIFIER
- control field: dpl
005 - DATE AND TIME OF LATEST TRANSACTION
- control field: 20250730142305.0
008 - FIXED-LENGTH DATA ELEMENTS
- fixed length control field: 250730|| aca||aabn | a|a d
040 ## - CATALOGING SOURCE
- Original cataloging agency: dpl
- Transcribing agency: dpl
100 ## - HEADING--PERSONAL NAME
- Personal name: Roy,Nilanjana S
670 ## - SOURCE DATA FOUND
- Source citation: Work cat.: (dpl)209556: Roy,Nilanjana S. , Black River /, 2022
